| 000 | 00851cam a2200265 a 4500 | ||
|---|---|---|---|
| 001 | 000007510 | ||
| 005 | 20200929154208.0 | ||
| 008 | 970911s1994 cu b 001 0 spa d | ||
| 020 | _a9592100438 | ||
| 035 | _a(DLC) 97194174 | ||
| 035 | _a(OCoLC)31196070 | ||
| 040 |
_aDO-SdBNP _cGZM _dPIT _dDLC |
||
| 082 |
_aCu864.44 _bL792r |
||
| 100 | 1 |
_aLlópiz, Jorge Luis. _920854 |
|
| 245 | 1 | 3 |
_aLa región olvidada de José Lezama Lima / _cJorge Luis Llópiz Cudel. |
| 260 |
_aLa Habana : _bCasa Editora Abril, _c1994. |
||
| 300 |
_a59 p. ; _c18 cm. |
||
| 490 | 1 |
_aPinos nuevos _aEnsayo |
|
| 504 | _aIncluye referencias bibliográficas. | ||
| 600 | 1 | 0 |
_aLEZAMA LIMA, JOSÉ, _xCRÌTICA E INTERPRETACIÒN _920855 |
| 650 | 4 |
_aEnsayos cubanos _95691 |
|
| 650 | 4 |
_aLiteratura cuana _ySIGLO XX _920856 |
|
| 830 | 0 |
_aPinos nuevos, _pEnsayo _98228 |
|
| 049 | _aBNGR | ||
| 999 |
_c7291 _d7291 |
||